000 00548nam a2200169Ia 4500
003 GCL
008 140319s9999 xx 000 0 ara d
040 _aGCL /
_cGCL
082 0 4 _a301.01
_bغ ت
100 1 _aغريب محمد سيد احمد
245 1 0 _aتصميم وتنفيذ البحث العلمى /
_cغريب محمد سيد احمد
260 _aالقاهرة :
_bالمكتبة الاكاديمية ،
_c1995
300 _a535 ص ؛
_c24 سم
650 0 4 _aالمجتمع
650 0 4 _aالاجتماع، علم
942 _2ddc
_cBK
999 _c42156
_d42156